000
00254nam a2200121Ia 4500
100
_a
Stevens/W.R
942
_c
BK
654
_a
unix
245
_a
Unix Networking programming
260
_b
prentice
_a
New Delhi
_c
1993
300
_a
772
546
_a
ENGLISH
999
_c
25933
_d
25933